Регионална библиотека "Любен Каравелов" - Русе

Да фотографираме без грешка (Запис номер 115689)

MARC детайли
000 -Лидер
Контролно поле с фиксирана дължина 01473nam a2200361 c 4500
003 - Код на организацията, давaща контролен номер
Контролно поле BLK
005 - Дата и час на последна редакция
Контролно поле 20180422110328.0
008 - Елементи от данни с фиксирана дължина
fixed length control field 180409b bul|||||r ||||||| ||bul||
010 ## - Наследен системен номер
LC control number KNG00121177000
040 ## - Източник на каталожния запис
Идентификатор на билиотеката - собственик на записа BLK
041 ## - Код за език
Код за езика на текст/звукозапис или на отделно заглавие Български
Код за езика КДБФ Български
080 ## - УДК
Текстов определител УДК Фотографска техника и процеси. Вж и 771
УДК код - определител по УДК 77.02
УДК определител (035)
УДК - код + определител 77.02(035)
100 1# - Редна дума - Автор
Автор Фритче, Курт
Авторска отговорност първи автор
R(LIN) 135042
139 ## - Редно поле
Редна дума Фритче, Курт
Авторски знак Фри - Ф 83
245 10 - Сведения за заглавието
Заглавие Да фотографираме без грешка
Редно поле (дума) Курт Фритче; прев. от нем. Панайот Михайлов Бърнев; прев. от нем. Павел Н. Павлов.
250 ## - Област на изданието
Сведения за изданието 2. изд.
257 ## - Страна на издаване
Страна на създаване/издаване Германия
260 ## - Област на издателските данни
-- София
Име на издателя, разпространителя и проч. Техника
Година на издаване 1979
300 ## - Физическа характеристика
Страници 319 с.
Илюстрации и др. с ил.
Размери/Мащаб 21 см
380 ## - Жанр
Жанр Изкуство
500 ## - Общи забележки
Забележка Азб. показалуц.
650 #4 - Допълнително описание по предмет – тема
Основно описание – тема или топоним Фотография
9 (RLIN) 175953
650 #4 - Допълнително описание по предмет – тема
Основно описание – тема или топоним Фотография - наръчници и ръководства
9 (RLIN) 258492
653 ## - Ключова дума – ненормативна
Ключова дума фотография
653 ## - Ключова дума – ненормативна
Ключова дума ръководства
700 1# - Други автори (авторска отговорност)
Лично име Бърнев, Панайот Михайлов
Автороска отговорност (Описва отношението между автора и произведението) прев. от нем.
9 (RLIN) 376314
700 1# - Други автори (авторска отговорност)
Лично име Павлов, Павел Н.
Автороска отговорност (Описва отношението между автора и произведението) прев. от нем.
9 (RLIN) 314265
852 ## - Местоположение
Форматна сигнатура Цб 98158
856 4# - Електронен адрес и достъп
Електронен формат pdf - файл
Път до файла /url/
856 4# - Електронен адрес и достъп
Електронен формат pdf - файл
Път до файла /url/
942 ## - АРТИКУЛИ
Вид на библиотечния материал Книги
Скрит в OPAC Не
944 ## - СЪЗДАВАНЕ И РЕДАКЦИЯ на ЗАПИСА
Създаване/Редакция Създаване
Дата на регистрацията/редакция 04.02.2011
Статус, дата на статуса добави в АБ / 03.02.2011
Служител, извършил регистрацията/редакцията Ирена_Линкова
944 ## - СЪЗДАВАНЕ И РЕДАКЦИЯ на ЗАПИСА
Създаване/Редакция Редакция
Дата на регистрацията/редакция 25.09.2015
Статус, дата на статуса добави в АБ / 03.02.2011
Служител, извършил регистрацията/редакцията Камелия_Данева
999 ## - СИСТЕМНИ КОНТРОЛНИ НОМЕРА
Koha biblionumber 115689
Koha biblioitemnumber 115689
Наличности
Код за отписване Код за изгубен артикул Източник на класификационната схема Код за повреда Коз за рестрикции Код за отдаване Артикулен № Име на библиотеката - собственик Име на библиотеката, в която се намира в момента Статус (Текущо местоположение) Дата на вписване в системата Местоположение - отдел Цена в лева Инвентарен номер Систематично азбучна сигнатура Баркод Номер на екземпляра Цена в евро Служебна бележка Служебен тип на артикула
  Не е изгубен Universal Decimal Classification Не е повреден без рестрикции заемане за дома 185986 Регионална библиотека "Любен Каравелов" Русе Регионална библиотека "Любен Каравелов" Русе Отдел Изкуство - подръчен фонд 1979-01-01 Отдел Изкуство - подръчен фонд 3.00 643272 77/Ф 83 120000643272 1 1.53 N: стар фонд Дата: 01.01.1979 Дата инв: 31.01.2018 Бележки инв: ИП2015 Книги
  Не е изгубен Universal Decimal Classification Не е повреден само за читалня ползва се в читалня 185987 Регионална библиотека "Любен Каравелов" Русе Регионална библиотека "Любен Каравелов" Русе Хранилище 1979-01-01 Хранилище 2.00 283166 Цб 98158 120000283166 2 1.02 Дост: Dp Вид: Д N: стар фонд Дата: 01.01.1979 Книги
Vip Innovations Ltd, Rousse, Bulgaria 2025